000 00661nam a2200241 i 4500
001 C2-0254785
003 PPAK
005 20180727222550.0
008 040517s2003 my |||| ||||| | may d
020 _a9831704312
040 _aPPAK
_beng
_cPPAK
_erda
082 0 4 _a615.88
_223
090 0 0 _a615.88
_bANE
_dG
245 0 0 _aAneka petua
264 1 _aJohor Bahru, Johor :
_bPerniagaan Jahabersa ,
_c2003
300 _a139 pages ;
_c21 cm
336 _2rdacontent
_atext
337 _2rdamedia
_aunmediated
338 _2rdacarrier
_avolume
650 1 0 _aMedicine, empirical.
700 0 _aAbu Syakirin ; Ummu Fatimah Az-Zahra,
_ecompile
942 _ddc
_cB
999 _c67430
_d67430